<?xml version="1.0" encoding="UTF-8"?>
<record
    xmlns:xsi="http://www.w3.org/2001/XMLSchema-instance"
    xsi:schemaLocation="http://www.loc.gov/MARC21/slim http://www.loc.gov/standards/marcxml/schema/MARC21slim.xsd"
    xmlns="http://www.loc.gov/MARC21/slim">

  <leader>00613nam a22001577a 4500</leader>
  <controlfield tag="003">OSt</controlfield>
  <controlfield tag="005">20151020153318.0</controlfield>
  <controlfield tag="008">151020b        xxu||||| |||| 00| 0 eng d</controlfield>
  <datafield tag="040" ind1=" " ind2=" ">
    <subfield code="c">RUA</subfield>
  </datafield>
  <datafield tag="082" ind1=" " ind2=" ">
    <subfield code="a">AVM SOM 2010 B094 Or.1</subfield>
  </datafield>
  <datafield tag="100" ind1=" " ind2=" ">
    <subfield code="9">2529</subfield>
    <subfield code="a">SOMRETH, PHEAKDEY.</subfield>
  </datafield>
  <datafield tag="245" ind1=" " ind2=" ">
    <subfield code="a">Study on digestibility of grass exotic variety in local goats, &#x179F;&#x17B7;&#x1780;&#x17D2;&#x179F;&#x17B6;&#x1796;&#x17B8;&#x1797;&#x17B6;&#x1796;&#x179A;&#x17C6;&#x179B;&#x17B6;&#x1799;&#x17A2;&#x17B6;&#x17A0;&#x17B6;&#x179A;&#x179A;&#x1794;&#x179F;&#x17CB;&#x179F;&#x17D2;&#x1798;&#x17C5; (&#x179F;&#x17D2;&#x1784;&#x17BD;&#x178F;)&#x200B; &#x1796;&#x17BC;&#x1787;&#x1793;&#x17B6;&#x17C6;&#x1785;&#x17BC;&#x179B;&#x179B;&#x17BE;&#x1796;&#x1796;&#x17C2;&#x1780;&#x17D2;&#x1793;&#x17BB;&#x1784;&#x179F;&#x17D2;&#x179A;&#x17BB;&#x1780;</subfield>
  </datafield>
  <datafield tag="260" ind1=" " ind2=" ">
    <subfield code="a">Phnom Penh</subfield>
    <subfield code="b">RUA</subfield>
    <subfield code="c">2010</subfield>
  </datafield>
  <datafield tag="300" ind1=" " ind2=" ">
    <subfield code="a">xii;33p.</subfield>
    <subfield code="b">ill.</subfield>
    <subfield code="c">29cm.</subfield>
  </datafield>
  <datafield tag="942" ind1=" " ind2=" ">
    <subfield code="2">ddc</subfield>
    <subfield code="c">AVM</subfield>
  </datafield>
  <datafield tag="999" ind1=" " ind2=" ">
    <subfield code="c">2384</subfield>
    <subfield code="d">2384</subfield>
  </datafield>
  <datafield tag="952" ind1=" " ind2=" ">
    <subfield code="0">0</subfield>
    <subfield code="1">0</subfield>
    <subfield code="2">ddc</subfield>
    <subfield code="4">0</subfield>
    <subfield code="6">AVM_SOM_2010_000000000000000_B094_OR_1</subfield>
    <subfield code="7">0</subfield>
    <subfield code="9">10544</subfield>
    <subfield code="a">LBB</subfield>
    <subfield code="b">LBB</subfield>
    <subfield code="c">B094</subfield>
    <subfield code="d">2015-10-20</subfield>
    <subfield code="l">2</subfield>
    <subfield code="o">AVM SOM 2010 B094 Or.1</subfield>
    <subfield code="p">RUA019037</subfield>
    <subfield code="r">2020-07-21</subfield>
    <subfield code="s">2020-06-23</subfield>
    <subfield code="w">2015-10-20</subfield>
    <subfield code="y">AVM</subfield>
  </datafield>
  <datafield tag="952" ind1=" " ind2=" ">
    <subfield code="0">0</subfield>
    <subfield code="1">0</subfield>
    <subfield code="2">ddc</subfield>
    <subfield code="4">0</subfield>
    <subfield code="6">AVM_SOM_2010_000000000000000_B094_OR_2</subfield>
    <subfield code="7">0</subfield>
    <subfield code="9">10545</subfield>
    <subfield code="a">LBB</subfield>
    <subfield code="b">LBB</subfield>
    <subfield code="c">B094</subfield>
    <subfield code="d">2015-10-20</subfield>
    <subfield code="o">AVM SOM 2010 B094 Or.2</subfield>
    <subfield code="p">RUA019253</subfield>
    <subfield code="r">2015-10-20</subfield>
    <subfield code="w">2015-10-20</subfield>
    <subfield code="y">AVM</subfield>
  </datafield>
  <datafield tag="952" ind1=" " ind2=" ">
    <subfield code="0">0</subfield>
    <subfield code="1">0</subfield>
    <subfield code="2">ddc</subfield>
    <subfield code="4">0</subfield>
    <subfield code="6">AVM_SOM_2010_000000000000000_B094_OR_3</subfield>
    <subfield code="7">0</subfield>
    <subfield code="9">10546</subfield>
    <subfield code="a">LBB</subfield>
    <subfield code="b">LBB</subfield>
    <subfield code="c">B094</subfield>
    <subfield code="d">2015-10-20</subfield>
    <subfield code="o">AVM SOM 2010 B094 Or.3</subfield>
    <subfield code="p">RUA019643</subfield>
    <subfield code="r">2015-10-20</subfield>
    <subfield code="w">2015-10-20</subfield>
    <subfield code="y">AVM</subfield>
  </datafield>
  <datafield tag="952" ind1=" " ind2=" ">
    <subfield code="0">0</subfield>
    <subfield code="1">0</subfield>
    <subfield code="2">ddc</subfield>
    <subfield code="4">0</subfield>
    <subfield code="6">AVM_SOM_2010_000000000000000_B094_OR_4</subfield>
    <subfield code="7">0</subfield>
    <subfield code="9">10547</subfield>
    <subfield code="a">LBB</subfield>
    <subfield code="b">LBB</subfield>
    <subfield code="c">B094</subfield>
    <subfield code="d">2015-10-20</subfield>
    <subfield code="o">AVM SOM 2010 B094 Or.4</subfield>
    <subfield code="p">RUA015691</subfield>
    <subfield code="r">2015-10-20</subfield>
    <subfield code="w">2015-10-20</subfield>
    <subfield code="y">AVM</subfield>
  </datafield>
  <datafield tag="952" ind1=" " ind2=" ">
    <subfield code="0">0</subfield>
    <subfield code="1">0</subfield>
    <subfield code="2">ddc</subfield>
    <subfield code="4">0</subfield>
    <subfield code="6">AVM_SOM_2010_000000000000000_B094_OR_5</subfield>
    <subfield code="7">0</subfield>
    <subfield code="9">10548</subfield>
    <subfield code="a">LBB</subfield>
    <subfield code="b">LBB</subfield>
    <subfield code="c">B094</subfield>
    <subfield code="d">2015-10-20</subfield>
    <subfield code="o">AVM SOM 2010 B094 Or.5</subfield>
    <subfield code="p">RUA015404</subfield>
    <subfield code="r">2015-10-20</subfield>
    <subfield code="w">2015-10-20</subfield>
    <subfield code="y">AVM</subfield>
  </datafield>
  <datafield tag="952" ind1=" " ind2=" ">
    <subfield code="0">0</subfield>
    <subfield code="1">0</subfield>
    <subfield code="2">ddc</subfield>
    <subfield code="4">0</subfield>
    <subfield code="6">AVM_SOM_2010_000000000000000_B094_OR_6</subfield>
    <subfield code="7">0</subfield>
    <subfield code="9">10549</subfield>
    <subfield code="a">LBB</subfield>
    <subfield code="b">LBB</subfield>
    <subfield code="c">B094</subfield>
    <subfield code="d">2015-10-20</subfield>
    <subfield code="o">AVM SOM 2010 B094 Or.6</subfield>
    <subfield code="p">RUA015332</subfield>
    <subfield code="r">2015-10-20</subfield>
    <subfield code="w">2015-10-20</subfield>
    <subfield code="y">AVM</subfield>
  </datafield>
  <datafield tag="952" ind1=" " ind2=" ">
    <subfield code="0">0</subfield>
    <subfield code="1">0</subfield>
    <subfield code="2">ddc</subfield>
    <subfield code="4">0</subfield>
    <subfield code="6">AVM_SOM_2010_000000000000000_B094_OR_7</subfield>
    <subfield code="7">0</subfield>
    <subfield code="9">10550</subfield>
    <subfield code="a">LBB</subfield>
    <subfield code="b">LBB</subfield>
    <subfield code="c">B094</subfield>
    <subfield code="d">2015-10-20</subfield>
    <subfield code="o">AVM SOM 2010 B094 Or.7</subfield>
    <subfield code="p">RUA015836</subfield>
    <subfield code="r">2015-10-20</subfield>
    <subfield code="w">2015-10-20</subfield>
    <subfield code="y">AVM</subfield>
  </datafield>
  <datafield tag="952" ind1=" " ind2=" ">
    <subfield code="0">0</subfield>
    <subfield code="1">0</subfield>
    <subfield code="2">ddc</subfield>
    <subfield code="4">0</subfield>
    <subfield code="6">AVM_SOM_2010_000000000000000_B094_OR_8</subfield>
    <subfield code="7">0</subfield>
    <subfield code="9">10551</subfield>
    <subfield code="a">LBB</subfield>
    <subfield code="b">LBB</subfield>
    <subfield code="c">B094</subfield>
    <subfield code="d">2015-10-20</subfield>
    <subfield code="o">AVM SOM 2010 B094 Or.8</subfield>
    <subfield code="p">RUA015547</subfield>
    <subfield code="r">2015-10-20</subfield>
    <subfield code="w">2015-10-20</subfield>
    <subfield code="y">AVM</subfield>
  </datafield>
</record>
